000 01656nam a2200313 a 4500
005 20150904102421.0
008 141203b2006 ck ||||| |||| 00| 0 spa d
020 _a9789589769089
040 _cCO-BoIH
_aCO-BoIAVH
041 0 _aspa
044 _ack
082 0 4 _a591
_bC65p1
090 _aLB
_b04786
111 2 _aCongreso Colombiano de Zoología
_cSanta Marta
_dnoviembre, 2006
_nII
245 1 0 _aSegundo congreso colombiano de zoología: Conocer, conservar y utilizar sosteniblemente la fauna de Colombia :
_blibro de resumenes
260 _aSanta Marta,
_bEditorial Panamericana Formas e Impresos S.A.,
_c2006.
300 _a572 páginas
_c28 cm.
_bilustraciones y tablas.
505 0 _aSimposio - Aracnología. Simposio - Conservación de las colecciones zoológicas. I Simposio colombiano de informática de la biodiversidad. Simposio - Acciones de investigación y conservación de los anfibios de Colombia. Simposio - Conservación de biodiversidad en paisajes rurales: aprendizajes en la cuenca media del río Barbas (Filandia, Quíndio) I Simposio colombiano de lepidopterología...
650 6 _aZoología
_vCongresos, conferencias, etc.
650 6 _aDiversidad biológica
_vCongresos, conferencias, etc.
_zColombia
650 6 _aZoología
_xhistoria
_zColombia
650 6 _aFauna silvestre
_vCongresos, conferencias, etc.
_xcomercio
_zColombia
700 1 _aAndrade C., M. Gonzalo
_eeditor
700 1 _aAguirre C., Jaime
_eeditor
700 1 _aRodríguez Mahecha, Jose Vicente
_eeditor
700 1 _aRocha Campo, Martha
_eeditor
942 _cLIBRO
_2ddc
945 _d.
999 _c5506
_d5506